Detalles MARC
| 000 -LEADER |
| fixed length control field |
02094nam a22002177a 4500 |
| 003 - CONTROL NUMBER IDENTIFIER |
| control field |
OSt |
| 005 - DATE AND TIME OF LATEST TRANSACTION |
| control field |
20260406091557.0 |
| 008 - FIXED-LENGTH DATA ELEMENTS--GENERAL INFORMATION |
| fixed length control field |
260406b |||||||| |||| 00| 0 esp d |
| 082 ## - DEWEY DECIMAL CLASSIFICATION NUMBER |
| Edition number |
9586771199 |
| 100 ## - MAIN ENTRY--PERSONAL NAME |
| Personal name |
Zamora Editores |
| 245 ## - TITLE STATEMENT |
| Title |
Biblioteca Práctica de Consulta del Nuevo Milenio: Matemáticas y Geometría |
| 250 ## - EDITION STATEMENT |
| Edition statement |
volumen 5 |
| 260 ## - PUBLICATION, DISTRIBUTION, ETC. |
| Place of publication, distribution, etc. |
Bogotá, Colombia |
| Name of publisher, distributor, etc. |
Zamora Editores Ltda.. |
| Date of publication, distribution, etc. |
2000-2001 |
| 300 ## - PHYSICAL DESCRIPTION |
| Extent |
21 x 14 cm |
| Dimensions |
252 páginas. |
| 490 ## - SERIES STATEMENT |
| Materials specified |
Cartulina rústica de alto gramaje con acabado plastificado brillante |
| 520 ## - SUMMARY, ETC. |
| Summary, etc. |
El Volumen 5 de la Biblioteca Práctica de Consulta del Nuevo Milenio (ISBN 9586771199) es un manual académico enfocado exclusivamente en las ciencias exactas, estructurado en dos grandes bloques:<br/>1. Matemáticas (Aritmética y Álgebra)<br/>Este bloque sirve como guía de resolución de problemas y desarrollo del pensamiento lógico:<br/>Aritmética: Repasa los sistemas numéricos, operaciones fundamentales (suma, resta, multiplicación, división) y proporcionalidad (razones y proporciones).<br/>Álgebra: Introduce el lenguaje simbólico, resolución de ecuaciones de primer y segundo grado, factorización y funciones básicas.<br/>Enfoque: Se centra en la ejercitación, presentando métodos paso a paso para resolver operaciones matemáticas comunes en el nivel secundaria.<br/>2. Geometría (Plana y del Espacio)<br/>Esta sección se dedica al estudio de las formas y sus medidas:<br/>Geometría Plana: Estudio de puntos, líneas, ángulos, polígonos y el círculo. Incluye el cálculo de perímetros y áreas.<br/>Geometría del Espacio: Análisis de cuerpos sólidos como poliedros, prismas, pirámides, conos y esferas, con sus respectivas fórmulas de volumen.<br/>Teoremas: Explicación visual y teórica de principios fundamentales como el Teorema de Pitágoras. |
| 650 ## - SUBJECT ADDED ENTRY--TOPICAL TERM |
| Topical term or geographic name entry element |
Matemáticas. Geometría. |
| General subdivision |
Problemas, ejercicios, etc. / Estudio y enseñanza (Secundaria). |
| Chronological subdivision |
iglo XXI (o finales del Siglo XX |
| 651 ## - SUBJECT ADDED ENTRY--GEOGRAPHIC NAME |
| General subdivision |
Geometría plana / Geometría del espacio / Problemas, ejercicios, etc. |
| 700 ## - ADDED ENTRY--PERSONAL NAME |
| Personal name |
Zamora Editores |
| 942 ## - ADDED ENTRY ELEMENTS (KOHA) |
| Source of classification or shelving scheme |
Dewey Decimal Classification |
| Koha item type |
Acceso Libre |
| Suppress in OPAC |
No |